01359nam a2200265 a 45000010005000000030009000050080041000140200015000550400028000700820019000981000037001172450065001542600069002193000010002884900030002985900019003286500031003479420012003789990017003909520142004079520141005499520136006909520134008269520133009601712CO-ViMGA141112s2004 ck r 000 u spa d a9589176941 aCO-ViMGAbspacCO-ViMGA04a333.8232 P657u1 aPontificia Universidad Javeriana10aPetróleo : bpolítica de contratación y competitividad aSantafé de Bogotá : bFundación Cultural Javeriano, c1995 a167 p aEducación continuada, 2 aEjemplares : 214aPETROLEO - COLOMBIA950207 2ddccBK c13889d13889 00102ddc40708002aMEVIECARbMEVIECARd2015-12-04h11/jun/2009l0o333.8232 P657u p010164r2015-12-04 00:00:00tEj. 1w2015-12-04yBK 00102ddc40708002aMEVIECARbMEVIECARd2015-12-04h16/oct/2013l0o333.8232 P657u p04292r2015-12-04 00:00:00tEj. 2w2015-12-04yBK 00102ddc40708GENaMEGUAMALbMEGUAMALcGENd2024-05-21l0o338.27282 P287pGUA003841r2024-05-21 22:07:46tEj.1w2024-05-21yBK 00102ddc40708GENaMEPLOPEZbMEPLOPEZcGENd2025-04-16l0o333.8232 P657upPLZ00480r2025-04-16 16:47:26tEj.1w2025-04-16yBK 00102ddc40708GENaMESMARTIbMESMARTIcGENd2025-06-25l0o333.8232 P657upSM04020r2025-06-25 11:48:58tEj.1w2025-06-25yBK